|
|
|
|
| LEADER |
00000nab a2200000 a 4500 |
| 001 |
vtls000835222 |
| 003 |
SK-MaSNL |
| 005 |
20260304123515.0 |
| 008 |
250429c2002 xo 0 slo |
| 015 |
|
|
|a SNBRB2003/05-ccccc
|
| 035 |
|
|
|a CLN000186877
|
| 035 |
|
|
|a urn:nbn:sk:snk-abq82
|
| 035 |
|
|
|a (urnnbn)urn:nbn:sk:snk:ar-a03ftw
|
| 035 |
|
|
|a (uuid)d1c284b7-e20a-4ffd-b12a-4876616c2913
|
| 040 |
|
|
|a SNKBUCL
|b slo
|c SNKBUCL
|e AACR2
|
| 041 |
0 |
|
|a eng
|
| 044 |
|
|
|a xo
|c SK
|
| 080 |
|
|
|a 616.153.96-085:061.3
|2 1997
|
| 245 |
0 |
0 |
|a Effect of VULM 1457 on endogenous hypercholesterolemia
|c L. Schmidtova ... [et al.]
|
| 650 |
0 |
7 |
|a hypercholesterolémia
|x komplikácie
|x genetika
|x imunológia
|2 snkbucl
|9 1432578
|
| 650 |
0 |
7 |
|a anticholesteremiká
|x analýza
|x diagnostické použitie
|2 snkbucl
|9 1432579
|
| 650 |
0 |
7 |
|a lipoproteíny, VLDL
|x analýza
|x účinky liekov
|x diagnostické použitie
|2 snkbucl
|9 1432580
|
| 650 |
0 |
7 |
|a cholesterol v potrave
|x analýza
|2 snkbucl
|9 1432581
|
| 650 |
0 |
7 |
|a farmakoterapia
|x metódy
|x trendy
|x využitie
|2 snkbucl
|9 1217723
|
| 650 |
0 |
7 |
|a abstrakty z kongresu
|2 snkbucl
|9 168204
|
| 655 |
|
7 |
|a články z novín a časopisov
|2 snkbucl
|9 267496
|
| 700 |
1 |
|
|a Schmidtova, L.
|4 aut
|9 871609
|
| 700 |
1 |
|
|a Juranova, D.
|4 aut
|9 845129
|
| 700 |
1 |
|
|a Bartos, P.
|4 aut
|9 268917
|
| 700 |
1 |
|
|a Hozova, R.
|4 aut
|9 796673
|
| 700 |
1 |
|
|a Faberová, V.
|4 aut
|9 832113
|
| 773 |
0 |
|
|t Bratislavské lekárske listy
|g Roč. 103, č. 9 (2002), s. 334-335
|x 0006-9248
|
| 850 |
|
|
|a Slovenská národná knižnica
|
| 852 |
|
|
|a Slovenská národná knižnica
|
| 958 |
|
|
|a article27
|
| 958 |
|
|
|a MI
|
| 958 |
|
|
|a OND
|
| 958 |
|
|
|a EUIPO
|
| 992 |
|
|
|a RBX
|
| 999 |
|
|
|c 2889596
|d 2891526
|